Overwatch 2 sankarit - Statistics

Yleistilastot
  • Tätä visaa on pelattu 22 kertaa
  • Keskiarvotulos 25 / 43
Vastaustilastot
Luokka Sankari % Oikein
DPS Genji
86%
Tankki Reinhardt
86%
DPS Bastion
79%
Tankki D.Va
79%
DPS Hanzo
79%
Tankki Orisa
79%
Tankki Roadhog
79%
DPS Junkrat
71%
DPS Soldier: 76
71%
DPS Widowmaker
71%
Tankki Wrecking Ball
71%
Support Ana
64%
DPS Cassidy
64%
Support Lúcio
64%
DPS Sombra
64%
DPS Symmetra
64%
Tankki Winston
64%
Tankki Zarya
64%
DPS Ashe
57%
Support Baptiste
57%
Tankki Doomfist
57%
Support Mercy
57%
Support Moira
57%
DPS Reaper
57%
Tankki Sigma
57%
DPS Torbjörn
57%
DPS Tracer
57%
Support Zenyatta
57%
Support Brigitte
50%
Tankki Junker Queen
50%
Tankki Mauga
50%
Tankki Ramattra
50%
DPS Sojourn
50%
Tankki Hazard
43%
Support Juno
43%
Support Kiriko
43%
Support Lifeweaver
43%
DPS Mei
43%
DPS Echo
36%
Support Illari
36%
DPS Pharah
36%
DPS Venture
36%
DPS Freja
21%
Ehtoja vastaavia visoja ei löytynyt
Tulosjakauma
Jokaisen tuloksen saaneiden osuus
Persentiili vastausten määrän mukaan
Tuloshistoriasi
Et ole pelannut tätä visaa